| 000 | 00936cam a22002655a 4500 | ||
|---|---|---|---|
| 001 | 18268904 | ||
| 005 | 20150614105930.0 | ||
| 008 | 140815t2014 njuo fr 001 0 eng d | ||
| 020 | _a9780321986306 (pbk.) | ||
| 020 | _a032198630X (pbk.) | ||
| 040 |
_aBTCTA _beng _cBTCTA _dBDX _dYDXCP _dUKMGB _dSINLB _dOCLCO _dDLC _dEG-ScBUE |
||
| 082 | 0 | 4 |
_a006.686 _222 _bMAL |
| 100 | 1 |
_aMalley, Bret. _938163 |
|
| 245 | 1 | 0 |
_aAdobe master class : _badvanced compositing in Photoshop / _cby Bret Malley. |
| 260 |
_a[New jersey] : _bAdobe Press / Peachpit / Pearson Education, _cc.2014. |
||
| 300 |
_axii, 347 p : _bphotos ; _c22 cm. |
||
| 500 | _aIndex : p. 338-347. | ||
| 630 | 0 | 0 |
_aAdobe Photoshop. _937025 |
| 650 | 0 |
_aPhotography _xDigital techniques. _2BUEsh _937027 |
|
| 650 | 0 |
_aImage processing _xDigital techniques. _2BUEsh |
|
| 651 | _2BUEsh | ||
| 653 |
_bCOMAME _bCOMSCI _cJune2015 |
||
| 655 |
_vreading book _934232 |
||
| 942 |
_2ddc _k006.686 MAL |
||
| 999 |
_c19586 _d19558 |
||